| 000 | 00432nam a2200169Ia 4500 | ||
|---|---|---|---|
| 008 | 180523s9999 xx 000 0 und d | ||
| 020 | _a1-55945-171-8 | ||
| 050 | _aMAIN BV 4850 | ||
| 050 | _b.T46 1993 | ||
| 245 | 0 | _a10 minute devotions, volume III / | |
| 260 | _aMakati City : | ||
| 260 | _bGroup Pub, Inc., | ||
| 260 | _c1993 | ||
| 300 | _a117 pages : | ||
| 300 | _c22 cm. | ||
| 650 | _aTeenagers -- Prayers and devotions. | ||
| 999 |
_c356603 _d356603 |
||